000
00475nam a2200133Ia 4500
008
100328s9999 xx 000 0 und d
082
_b
46019
100
_a
पोरे सुरेश
245
_a
व्हिकी प्रेम अन शॉक
260
_b
मेहता पब्लिशिंग हाऊस
630
_a
व्हिकी प्रेम अन शॉक
730
_a
व्हिकी प्रेम अन शॉक
942
_c
BOOK
999
_c
534064
_d
534061